| 000 | 00312cam a22000977a 4500 | ||
|---|---|---|---|
| 008 | 180718b1970 xxu||||| |||| 00| 0 eng d | ||
| 082 | _aL1x5433 P969/1970-71 | ||
| 245 | _aPerformance budgets of family planning, transport and public works department | ||
| 260 |
_aChandigarh _bGovernment Press _c1970 |
||
| 300 | _a57p. | ||
| 999 |
_c500539 _d500539 |
||